000 00555nam a2200229 a 4500
001 nice12345678
003 IN_TiNIC
005 20260116014930.0
008 070914s1986 lona grp 000 0 eng
020 _a028104189X
_c100
082 0 0 _a235.2
_bPOR
100 _aPorter, David
245 _aMother Teresa
_b The Early Years
260 _aLondon
_bSPCK
_c1986
300 _a100p
500 _aincludes index and biblioraphy
650 _aSaints-Christian
700 1 _aPorter, David
902 _bSRS
942 _cBK
999 _c17597
_d17597